00523nam a2200217Ia 4500008004000000020001800040041000800058082001700066100004800083245004100131250000500172260005400177300000900231650001400240650001000254650000700264650001100271650000600282650000700288650001000295210210b2009 xxu||||| |||| 00| 0 eng d a9788123015576 aeng a050.954 INDI aINDIA, Government of, Publications Division aIndia 2009: a reference annual Ed 53 a aNew DelhibMinistry of I & B Govt. of Indiac2009 a1259 areference aIndia aEd aannual aa a53 a2009: